<?xml version="1.0" encoding="UTF-8"?>
<record
    xmlns:xsi="http://www.w3.org/2001/XMLSchema-instance"
    xsi:schemaLocation="http://www.loc.gov/MARC21/slim http://www.loc.gov/standards/marcxml/schema/MARC21slim.xsd"
    xmlns="http://www.loc.gov/MARC21/slim">

  <leader>03121nam a22003137a 4500</leader>
  <controlfield tag="001">9241</controlfield>
  <controlfield tag="003">FISKH</controlfield>
  <controlfield tag="005">20251205145311.0</controlfield>
  <controlfield tag="008">251204b        cb ||||| |||| 00| 0 eng d</controlfield>
  <datafield tag="020" ind1=" " ind2=" ">
    <subfield code="a">9789996301711</subfield>
  </datafield>
  <datafield tag="040" ind1=" " ind2=" ">
    <subfield code="a">FISKH</subfield>
    <subfield code="b">khr</subfield>
    <subfield code="c">FISKH</subfield>
    <subfield code="d">FISKH</subfield>
  </datafield>
  <datafield tag="050" ind1=" " ind2=" ">
    <subfield code="a">PZ7</subfield>
  </datafield>
  <datafield tag="082" ind1=" " ind2=" ">
    <subfield code="a">398.2</subfield>
  </datafield>
  <datafield tag="100" ind1=" " ind2=" ">
    <subfield code="a">Dawn , Dim </subfield>
  </datafield>
  <datafield tag="245" ind1=" " ind2=" ">
    <subfield code="a">&#x1794;&#x17BB;&#x179A;&#x179F;&#x179B;&#x1780;&#x17CB;&#x1794;&#x17D2;&#x179A;&#x1796;&#x1793;&#x17D2;&#x1792;&#x178F;&#x1798;&#x17D2;&#x179B;&#x17C3;&#x17E4;&#x178F;&#x1798;&#x17D2;&#x179B;&#x17B9;&#x1784; :</subfield>
    <subfield code="c">&#x1793;&#x17B7;&#x1796;&#x1793;&#x17D2;&#x1792;&#x178A;&#x17C4;&#x1799; &#x179B;&#x17C4;&#x1780; &#x178C;&#x17B9;&#x1798; &#x178A;&#x1793; , &#x1780;&#x17C2;&#x179F;&#x1798;&#x17D2;&#x179A;&#x17BD;&#x179B;&#x178A;&#x17C4;&#x1799; &#x17A2;&#x17D2;&#x1793;&#x1780;&#x179F;&#x17D2;&#x179A;&#x17B8; &#x1782;&#x17B9;&#x1798;&#x179F;&#x17CA;&#x17BB;&#x1793; &#x179F;&#x17BB;&#x1792;&#x17B6;&#x179A;&#x17B8; , &#x179B;&#x17C4;&#x1780; &#x1792;&#x17B8; &#x1785;&#x17B6;&#x1793;&#x17CB;&#x1790;&#x1793; &#x1793;&#x17B7;&#x1784;&#x200B; &#x1780;&#x1789;&#x17D2;&#x1789;&#x17B6; &#x17A0;&#x17C1;&#x1784; &#x1785;&#x179A;&#x17B7;&#x1799;&#x17B6;&#x200B;</subfield>
    <subfield code="b">The man selling his wife for 4 Domleung of gold / </subfield>
  </datafield>
  <datafield tag="260" ind1=" " ind2=" ">
    <subfield code="a">&#x1797;&#x17D2;&#x1793;&#x17C6;&#x1796;&#x17C1;&#x1789; : </subfield>
    <subfield code="b">Reading Books ,</subfield>
    <subfield code="c">2012.</subfield>
  </datafield>
  <datafield tag="300" ind1=" " ind2=" ">
    <subfield code="a">28 pages : </subfield>
    <subfield code="b">color illustrations ; </subfield>
    <subfield code="c">25 cm .</subfield>
  </datafield>
  <datafield tag="490" ind1=" " ind2=" ">
    <subfield code="a">&#x1796;&#x17B7;&#x1797;&#x1796;&#x179A;&#x17BF;&#x1784;&#x1793;&#x17B7;&#x1791;&#x17B6;&#x1793;</subfield>
  </datafield>
  <datafield tag="505" ind1=" " ind2=" ">
    <subfield code="a">K 
</subfield>
  </datafield>
  <datafield tag="520" ind1=" " ind2=" ">
    <subfield code="a">&#x1798;&#x17B6;&#x1793;&#x1794;&#x17D2;&#x178F;&#x17B8;&#x1794;&#x17D2;&#x179A;&#x1796;&#x1793;&#x17D2;&#x1792;&#x1796;&#x17B8;&#x179A;&#x1793;&#x17B6;&#x1780;&#x17CB;&#x179A;&#x17C0;&#x1794;&#x1780;&#x17B6;&#x179A;&#x1793;&#x17B9;&#x1784;&#x1782;&#x17D2;&#x1793;&#x17B6;&#x1787;&#x17B6;&#x1784;&#x1794;&#x17BD;&#x1793;&#x1786;&#x17D2;&#x1793;&#x17B6;&#x17C6; &#x1794;&#x17C9;&#x17BB;&#x1793;&#x17D2;&#x178F;&#x17C2;&#x1796;&#x17BD;&#x1780;&#x1780;&#x17C2;&#x1782;&#x17D2;&#x1798;&#x17B6;&#x1793;&#x1780;&#x17BC;&#x1793;&#x1791;&#x17C1;&#x200B; &#x17D4; &#x1794;&#x17BB;&#x179A;&#x179F;&#x1787;&#x17B6;&#x1794;&#x17D2;&#x178F;&#x17B8;&#x1787;&#x17B6;&#x1798;&#x1793;&#x17BB;&#x179F;&#x17D2;&#x179F;&#x1789;&#x17C0;&#x1793;&#x179F;&#x17D2;&#x179A;&#x17B6;&#x1793;&#x17B7;&#x1784;&#x179B;&#x17D2;&#x1794;&#x17C2;&#x1784; &#x17D4; &#x1790;&#x17D2;&#x1784;&#x17C3;&#x1798;&#x17BD;&#x1799;&#x1794;&#x17BB;&#x179A;&#x179F;&#x1787;&#x17B6;&#x1794;&#x17D2;&#x178F;&#x17B8;&#x1785;&#x17B6;&#x1789;&#x17CB;&#x179B;&#x17D2;&#x1794;&#x17C2;&#x1784;&#x1780;&#x17CF;&#x179B;&#x1780;&#x17CB;&#x1791;&#x17D2;&#x179A;&#x1796;&#x17D2;&#x1799;&#x179F;&#x1798;&#x17D2;&#x1794;&#x178F;&#x17D2;&#x178F;&#x17B7;&#x1791;&#x17B6;&#x17C6;&#x1784;&#x17A2;&#x179F;&#x17CB; &#x17A0;&#x17BE;&#x1799;&#x1790;&#x17C2;&#x1798;&#x1791;&#x17B6;&#x17C6;&#x1784;&#x179B;&#x1780;&#x17CB;&#x1794;&#x17D2;&#x179A;&#x1796;&#x1793;&#x17D2;&#x1792;&#x1795;&#x1784;&#x178A;&#x17C2;&#x179A;&#x1780;&#x17D2;&#x1793;&#x1784;&#x178F;&#x1798;&#x17D2;&#x179B;&#x17C3; &#x17E4;&#x178F;&#x1798;&#x17D2;&#x179B;&#x17B9;&#x1784; &#x17A2;&#x17C4;&#x1799;&#x1791;&#x17C5;&#x178A;&#x1784;&#x17D2;&#x1781;&#x17C5;&#x1796;&#x17C4;&#x17C7;&#x1798;&#x17C9;&#x17B6;&#x1799;&#x1798;&#x17D2;&#x1793;&#x17B6;&#x1780;&#x17CB;&#x200B; &#x17D4; &#x1794;&#x17D2;&#x178F;&#x17B8;&#x1794;&#x17B6;&#x1793;&#x1799;&#x1780;&#x179B;&#x17BB;&#x1799;&#x17E4;&#x178F;&#x1798;&#x17D2;&#x179B;&#x17B9;&#x1784;&#x1791;&#x17C5;&#x178A;&#x178E;&#x17D2;&#x178F;&#x17B9;&#x1784;&#x1794;&#x17D2;&#x179A;&#x1796;&#x1793;&#x17D2;&#x1792;&#x1790;&#x17D2;&#x1798;&#x17B8;&#x178F;&#x17C2;&#x1782;&#x17D2;&#x1798;&#x17B6;&#x1793;&#x17A2;&#x17D2;&#x1793;&#x1780;&#x178E;&#x17B6;&#x1799;&#x1780;&#x1782;&#x17B6;&#x178F;&#x17CB;&#x1791;&#x17C1; &#x178A;&#x17C4;&#x1799;&#x1789;&#x17C0;&#x1793;&#x179F;&#x17D2;&#x179A;&#x17B6;&#x1793;&#x17B7;&#x1784;&#x179B;&#x17D2;&#x1794;&#x17C2;&#x1784;&#x1782;&#x17B6;&#x178F;&#x17CB;&#x1780;&#x17CF;&#x1794;&#x17B6;&#x1793;&#x1792;&#x17D2;&#x179B;&#x17B6;&#x1780;&#x17CB;&#x1781;&#x17D2;&#x179B;&#x17BD;&#x1793;&#x1788;&#x17B8; &#x17A0;&#x17BE;&#x1799;&#x1780;&#x17CF;&#x1794;&#x17B6;&#x1793;&#x1794;&#x17BD;&#x179F;&#x1787;&#x17B6;&#x179F;&#x1784;&#x17D2;&#x1783; &#x17D4; &#x1785;&#x17C6;&#x1793;&#x17C2;&#x1780;&#x1794;&#x17D2;&#x179A;&#x1796;&#x1793;&#x17D2;&#x1792;&#x178F;&#x17D2;&#x179A;&#x17BC;&#x179C;&#x1794;&#x17B6;&#x1793;&#x179B;&#x17C4;&#x1780;&#x178A;&#x1784;&#x17D2;&#x1781;&#x17C5;&#x17A2;&#x17B6;&#x1793;&#x17B7;&#x178F;&#x179F;&#x17D2;&#x179A;&#x179B;&#x17B6;&#x1789;&#x17CB; &#x17A0;&#x17BE;&#x1799;&#x1796;&#x17BD;&#x1780;&#x1782;&#x17C1;&#x179A;&#x179F;&#x17CB;&#x1793;&#x17C5;&#x1787;&#x17B6;&#x1798;&#x17BD;&#x1799;&#x1782;&#x17D2;&#x1793;&#x17B6;&#x1799;&#x17C9;&#x17B6;&#x1784;&#x1798;&#x17B6;&#x1793;&#x1780;&#x17D2;&#x178F;&#x17B8;&#x179F;&#x17BB;&#x1781; &#x17D4; </subfield>
  </datafield>
  <datafield tag="520" ind1=" " ind2=" ">
    <subfield code="a">A husband and wife had been married for more than four years, but they did not have any children. The husband was addicted to alcohol and gambling. One day, after losing a gambling game, the husband sold all their property and even sold his wife for four ticals to a rich man. The husband took the four ticals to gamble, but no one accepted him. Because of his addictions, he eventually hit rock bottom and became a monk. Meanwhile, the wife was genuinely loved by the rich man, and they lived together happily.</subfield>
  </datafield>
  <datafield tag="521" ind1="8" ind2=" ">
    <subfield code="a">510 
</subfield>
    <subfield code="b">Lexile estimate 
</subfield>
  </datafield>
  <datafield tag="521" ind1="8" ind2=" ">
    <subfield code="a">K 
</subfield>
    <subfield code="b">Raz-Plus 
</subfield>
  </datafield>
  <datafield tag="650" ind1=" " ind2=" ">
    <subfield code="a">&#x1794;&#x17BB;&#x179A;&#x179F;&#x179B;&#x1780;&#x17CB;&#x1794;&#x17D2;&#x179A;&#x1796;&#x1793;&#x17D2;&#x1792;&#x178F;&#x1798;&#x17D2;&#x179B;&#x17C3;&#x17E4;&#x178F;&#x1798;&#x17D2;&#x179B;&#x17B9;&#x1784;&#x200B;</subfield>
    <subfield code="v">&#x179A;&#x17BF;&#x1784;&#x1793;&#x17B7;&#x1791;&#x17B6;&#x1793;&#x1780;&#x17BB;&#x1798;&#x17B6;&#x179A;&#x200B;</subfield>
  </datafield>
  <datafield tag="650" ind1=" " ind2=" ">
    <subfield code="v">The man selling his wife for 4 Domleung of gold </subfield>
    <subfield code="2">Children's Stories </subfield>
  </datafield>
  <datafield tag="700" ind1=" " ind2=" ">
    <subfield code="a">Vichit, Prom </subfield>
    <subfield code="e">Illustrator </subfield>
  </datafield>
  <datafield tag="942" ind1=" " ind2=" ">
    <subfield code="2">ddc</subfield>
    <subfield code="c">KHB</subfield>
    <subfield code="n">0</subfield>
  </datafield>
  <datafield tag="999" ind1=" " ind2=" ">
    <subfield code="c">9241</subfield>
    <subfield code="d">9241</subfield>
  </datafield>
  <datafield tag="952" ind1=" " ind2=" ">
    <subfield code="0">0</subfield>
    <subfield code="1">0</subfield>
    <subfield code="2">ddc</subfield>
    <subfield code="4">0</subfield>
    <subfield code="7">0</subfield>
    <subfield code="8">Khmer-English Bilingual </subfield>
    <subfield code="a">002</subfield>
    <subfield code="b">002</subfield>
    <subfield code="c">TTP Khmer</subfield>
    <subfield code="d">2025-12-04</subfield>
    <subfield code="l">0</subfield>
    <subfield code="o">DAW PZ7 398.2 </subfield>
    <subfield code="p">2025-5020</subfield>
    <subfield code="r">2025-12-04 11:43:41</subfield>
    <subfield code="w">2025-12-04</subfield>
    <subfield code="y">KHB</subfield>
  </datafield>
</record>
